| 000 | 01094nmm a2200385 a 4500 | ||
|---|---|---|---|
| 003 | AR-Y00000XR | ||
| 005 | 20251128211900.0 | ||
| 008 | 087020s2005 ||||||||||||||000 | spa|| | ||
| 020 | _a987-9028-53-8 | ||
| 040 | _cAR-Y00000XR | ||
| 245 | 1 | 0 |
_aSujetos sociales y políticas _bhistoria reciente de la Norpatagonia argentina |
| 260 |
_aBuenos Aires _bEditorial La colmena _c2005 |
||
| 300 | 0 | _a305 p. | |
| 650 | 4 | _aHISTORIA ARGENTINA | |
| 650 | 4 | _aHISTORIA POLITICA ARGENTINA | |
| 650 | 4 | _aHISTORIA PATAGONICA | |
| 650 | 4 | _aPOLITICA ARGENTINA | |
| 651 | 4 | _aArgentina | |
| 651 | 4 | _aPatagonia | |
| 651 | 4 | _aNeuquén | |
| 651 | 4 | _aRío Negro | |
| 700 | 1 |
_aFavaro, Orietta _ecoordinador |
|
| 700 | 1 | _aIuorno, Graciela | |
| 700 | 1 | _aGonzález, Alicia | |
| 700 | 1 | _aVaccarisi, María Elizabeth | |
| 700 | 1 | _aScuri, María Carolina | |
| 700 | 1 | _aGodoy, Ana María | |
| 700 | 1 | _aAiziczon, Fernando | |
| 700 | 1 | _aEchenique, José | |
| 700 | 1 | _aPalacios, María Susana | |
| 700 | 1 | _aCao, Horacio | |
| 700 | 1 | _aGambatesa, Elvira | |
| 942 | _cBK | ||
| 998 | _cme-solo cat | ||
| 999 |
_c21454 _d21454 |
||